Responses for show #411 - Monday, April 7, 1986

Donald Burgo game 1.

Contestants

Diana Collins-Moschini, an interpreter originally from Pascagoula, Mississippi

Donald Burgo, a teacher from St. Louis, Missouri

Phil Purganan, a sales manager from Daly City, California (whose 1-day cash winnings total $5,399)

Jeopardy! Round responses

IDAHO
BOTANICAL SONGS
PATRON SAINTS
AMERICAN INDIANS
TRADE CENTERS
"LINE"s
    $100 16
potatoes

Phil
    $100 26
oak

Donald
    $100 9
St. George

Donald
    $100 1
Seminoles

Diana
    $100 19
(Phil: What is Raleigh?)

Winston-Salem

PhilDonald
    $100 2
on the line

Phil
    $200 17
Moscow

Phil
    $200 27
lemon tree

Phil
    $200 10
St. Patrick

Phil
    $200 3
oil

Phil
    $200 22
Pittsburgh

Phil
    $200 7
50-yard-line

Diana
    $300 18
silver

Triple Stumper
    $300 28
poison ivy

Phil
    $300 11
St. Christopher

Phil
    $300 4
the Apaches

Phil
    $300 23
(Alex: We've got about a minute to go in the round.)

Birmingham

Donald
    $300 8
credit line

Phil
    $400 20
Ernest Hemingway

Phil
    $400 29
"Little Green Apples"

Diana
    $400 12
St. Augustine

Diana
    $400 5
(Diana: Who is Hawkeye?)

Uncas

Diana
Triple Stumper
    $400 24
(Phil: What is Miami?)

Tampa

PhilDiana
    $400 14
Mason-Dixon Line

Phil
    $500 21
Mormons

Phil
    $500 30
"Flowers On The Wall"

Triple Stumper
    $500 13
(Donald: Who is St. Vin?)

St. Vincent

Donald
Triple Stumper
    $500 6
large stomach (big belly)

Diana
    $500 25
Wilmington (Delaware)

Donald
    $500 15
(Diana: What is What's My Line?)

Headline Chasers

Diana
Triple Stumper

Scores at the first commercial break (after clue 13):

Phil Donald Diana
$1,400 -$400 $800

Scores at the end of the Jeopardy! Round:

Phil Donald Diana
$3,200 $600 $1,100

Double Jeopardy! Round responses

FIRST LADIES
PARKS
AUSSIE ENGLISH
AUTOBIOGRAPHIES
WORLD HISTORY
HEAVEN & HELL
    $200 18
Custis

Donald
    $200 6
Golden Gate Park

Phil
    $200 7
(Donald: Who is F. Scott Fitzgerald?)
...
(Alex: Rona Barrett used to be president of his fan club.)

Eddie Fisher

PhilDonald
    $200 1
Anwar Sadat

Phil
    $200 13
New York

Diana
    $1,000 19
(Alex: We've got about a minute to go in the round.)

Mamie Doud Eisenhower

Donald
    $400 12
Palisades Park

Phil
    $400 8
Joan Fontaine

Donald
    $400 2
Somoza

Phil
    $400 14
(Diana: What is purgatory?)

limbo

PhilDiana
    $600 20
Claudia

Phil
    $600 25
(Phil: What is blond?)
(Donald: What is white?)
...
[The end-of-the-round signal sounds.]

red

PhilDonald
Triple Stumper
    $600 9
Casey Stengel

Phil
    $600 3
Queen of England

Donald
    $600 15
Heaven Can Wait

Diana
    $800 21
Rosalynn Carter

Donald
    $800 24
cooking

Triple Stumper
    $800 10
(Donald: Who is George McGovern?)

Barry Goldwater

Donald
Triple Stumper
    $1,000 4
Chiang Kai-shek (or Sun Yat-sen)

Donald
    $800 16
Hinduism & Buddhism

Phil
    $1000 22
"Lemonade Lucy"

Diana
    $1000 23
(Donald: I'm sorry.)

rabbits

Donald
Triple Stumper
    $1000 11
(Who is Soupy Sales?)

Sid Caesar

PhilDonald
    $1000 5
Burma

Donald
    $1000 17
"Heaven Must Have Sent You"

Triple Stumper

Scores at the end of the Double Jeopardy! Round:

Phil Donald Diana
$5,400 $4,000 $2,500

[wagering suggestions for these scores]

Final Jeopardy! Round responses

ENGINEERING
DianaWhat is Spain?
$2,500
DonaldWhat is France?
$3,000
PhilWhat is England?
$2,800
France

Final scores:

Phil Donald Diana
$2,600 $7,000 $0
2nd place: trip to San Francisco & stay at Holiday Lodge New champion: $7,000 3rd place: Jules Jurgensen his & hers watches

Game dynamics:

Coryat scores:

Phil Donald Diana
$5,400 $3,200 $2,500
23 R
(including 1 DD),
4 W
13 R
(including 2 DDs),
5 W
9 R,
3 W

Combined Coryat: $11,100

The J! Archive is created by fans, for fans. The Jeopardy! game show and all elements thereof, including but not limited to copyright and trademark thereto, are the property of Jeopardy Productions, Inc. and are protected under law. This website is not affiliated with, sponsored by, or operated by Jeopardy Productions, Inc. Join the discussion at JBoard.tv.